|
|
|
|
| LEADER |
00983nam a2200241 a 4500 |
| 001 |
4643 |
| 008 |
130609s1987 mdu b 001 0 eng d |
| 010 |
|
|
|a 87045493
|
| 020 |
|
|
|a 0801835534
|
| 040 |
|
|
|a DLC
|c DLC
|d DLC
|d BD-DhAAL
|
| 082 |
0 |
0 |
|a 363.8/56/091724
|2 19
|
| 100 |
1 |
|
|a Berg, Alan,
|d 1932-
|
| 245 |
1 |
0 |
|a Malnutrition :
|b what can be done? :
|b lessons from World Bank experience /
|c Alan Berg.
|
| 260 |
|
|
|a Baltimore :
|b Published for the World Bank [by] Johns Hopkins University Press,
|c c1987.
|
| 300 |
|
|
|a x, 139 p. ;
|c 23 cm.
|
| 504 |
|
|
|a Includes bibliography (p. 121-130) and index.
|
| 541 |
|
|
|e 4643
|
| 650 |
|
0 |
|a Nutrition policy
|z Developing countries.
|
| 650 |
|
0 |
|a Diet
|z Developing countries.
|
| 710 |
2 |
|
|a World Bank.
|
| 852 |
1 |
|
|a Ayesha Abed Library
|j General shelf.
|
| 999 |
|
|
|c 13549
|d 13549
|
| 952 |
|
|
|0 0
|1 0
|2 ddc
|4 0
|6 363_856091724000000_BER
|7 0
|9 22645
|a BRACUL
|b BRACUL
|c GEN
|d 2013-06-09
|g 0.00
|l 0
|o 363.856091724 BER
|p 3010004643
|r 2013-06-09
|t 1
|w 2013-06-09
|y BK
|z Not price in Register
|